By the Lords Justices, a proclamation. Tho. Cantuar. Devonshire, Sunderland, Dorsett, Romney, Orford : Whereas in and by an Act of Parliament made and passed the last session of Parliament, intituled, An act for laying a duty on leather for the term of three years, and making other provision for answering the deficiencies as well of the late duties upon duties coal and culm, ...

Bibliographic Details
Corporate Author: England and Wales. Lords Justices
Format: eBook
Language:English
Published: [London : printed by Charles Bill, and the executrix of Thomas Newcomb, deceas'd, printers to the King's most excellent Majesty, 1697]
Series:Early English books online.
Subjects:
Online Access:Connect to the full text of this electronic book

MARC

Tag First Indicator Second Indicator Subfields
LEADER 00000nam a2200000 4500
001 in00004319021
005 20200812075754.0
006 m g d
007 cr bn |||a|bb|
008 950330s1697 enk o o00| | eng d
035 |a (UnM)99828103 
037 |a CL0037000076  |b ProQuest Information and Learning. 300 N. Zeeb Rd., Ann Arbor, MI 48106 
040 |a Cu-RivES  |c Cu-RivES  |d CStRLIN  |e dcrb  |d WaOLN 
110 1 |a England and Wales.  |b Lords Justices. 
240 1 0 |a Proclamations. 1697-05-07. 
245 1 0 |a By the Lords Justices, a proclamation. Tho. Cantuar. Devonshire, Sunderland, Dorsett, Romney, Orford :  |b Whereas in and by an Act of Parliament made and passed the last session of Parliament, intituled, An act for laying a duty on leather for the term of three years, and making other provision for answering the deficiencies as well of the late duties upon duties coal and culm, ... 
260 |a [London :  |b printed by Charles Bill, and the executrix of Thomas Newcomb, deceas'd, printers to the King's most excellent Majesty,  |c 1697] 
300 |a 1 online resource (1 sheet ([1] pages) 
336 |a text  |b txt  |2 rdacontent 
337 |a computer  |b c  |2 rdamedia 
338 |a online resource  |b cr  |2 rdacarrier 
500 |a Title from caption title and opening words of text. 
500 |a At end: Given at the Court at Whitehall the seventh day of May, 1697. In the ninth year of His Majesties reign. God save the King. 
500 |a Cropped at foot, with loss of imprint. 
500 |a Reproduction of the original in the Guildhall Library, London. 
510 4 |a Wing (2nd edition, 1994)  |c E939. 
510 3 |a Steele, I, 4226. 
533 |a Electronic reproduction.  |b Ann Arbor, Mich. :  |c UMI,  |d 1999-  |f (Early English books online)  |n Digital version of: (Early English books, 1641-1700 ; 1946:9)  |7 s1999 miun s 
650 0 |a Taxation  |x Law and legislation  |z Great Britain  |v Early works to 1800. 
651 4 |a Great Britain  |x History  |y William and Mary, 1689-1702  |v Early works to 1800. 
830 0 |a Early English books online. 
856 4 0 |u http://proxy.library.tamu.edu/login?url=https://search.proquest.com/docview/2240899423  |z Connect to the full text of this electronic book  |t 0 
999 f f |s aa44fa42-4890-3f4a-901d-ac2add16b984  |i 40c47cda-d936-3ca1-b767-3b99f64f0dac  |t 0 
952 f f |a Texas A&M University  |b College Station  |c Electronic Resources  |d Available Online  |t 0  |h No information provided 
998 f f |t 0  |l Available Online